000 00646nam a2200241Ia 4500
003 OSt
005 20220918214446.0
006 a|||||r|||| 00| 0
007 ta
008 220917b |||||||| |||| 00| 0 eng d
024 _a137,615
037 _cTextual
040 _aARTS
_cARTS
_beng
041 _2eng
_aeng
082 _aY:1v, L9
100 _aHarris Marvin
_9131441
245 0 _aCultural materialism
_b the struggle for a science of culture
260 _aNew York
_bRandom House
_c1979
300 _axii,381p.
_ccm.
650 _aSOCIOLOGY
942 _hY:1v, L9
_cTEXL
_2CC
999 _c260694
_d260694